000 00461nam a22001697a 4500
003 BD-ChCU
005 20251201110417.0
008 251201b bg ||||| |||| 00| 0 ben d
040 _cBD-ChCU
082 _a547.7813 STM
100 _aStanek , Jaroslav .
_917214
245 _aThe monosaccharides ./
_cJaroslav , Stanek .
260 _aNew York :
_bAcademic press ,
_cC 1963
300 _a1006p
650 0 _aChemistry , Organic.
_917215
942 _2ddc
_cBK
_n0
999 _c109993
_d109993